000 01037naa a22002777a 4500
001 BR8301864
003 BR-BrBNA
005 20240918175231.0
007 ta
008 230509b bl.||||| |||| 00| 0 por d
040 _aBR-BrBNA
_bpor
_cBiblioteca Nacional de Agricultura
041 _a(Pt)
072 _aE70; E30; B50
_b/G514
090 _aE70 BR8301864
100 1 _aMarino Junior, J.
111 1 _a1. Seminario Latino-Americano de Perdas Pos-Colheita de Graos
_cVicosa, MG (Brazil)
_d20-24 Sep 1982
245 1 _aO historico da armazenagem no Brasil
260 3 _aVicosa, MG (Brasil):
_c1983.
500 _aAnais do 1. Seminario Latino-Americano de Perdas Pos-Colheita de Graos Vicosa, MG (Brasil): 1983. p. 1-9 (BR8301864-AM)E70
650 _aARMAZENAMENTO
650 _aHISTORIA
650 _aPOLITICA GOVERNAMENTAL
773 0 _tAnais do 1. Seminario Latino-Americano de Perdas Pos-Colheita de Graos
_wE70 BR8301864
_gVicosa, MG (Brasil), 1983. p. 1-9
909 _a202404
_bLucia
_c55
_dLucia Elande
942 _cAM
_2AGRIS
999 _c315778
_d315778